000 00412nam a2200169Ia 4500
003 GCL
008 140319s9999 xx 000 0 eng d
040 _aGCL /
_cGCL
082 0 4 _a843
_bFT
100 1 _aFLAUBERT, GUSTAVE
245 1 0 _aTROIS CONTES /
_cFLAUBERT, GUSTAVE
260 _a[S.N] :
_bGALLIMARD ،
_c1973
300 _a185
650 0 4 _aLITERATURE
650 0 4 _aFRENCH LITERATURE
942 _2ddc
_cBK
999 _c25276
_d25276